Intervenční zásahy, nebo jen tržní volnost? Jak regulovat trh zemědělských a potravinářských výrobků.

Približovanie cien potravín nákladom. Odstránenie tzv. zápornej dane z obratu malo negatívne dopady na poľnohospodársku prvovýrobu i na výšku dopytu. Skúmanie toho, čo sa stalo v dopyte a ponuke potravín po liberalizácii cien od 1. januára 1991, ako bolo potrebné neodôvodnené zvyšovanie cien potraví...

Ausführliche Beschreibung

Gespeichert in:
Bibliographische Detailangaben
1. Verfasser: Záhorka, J.
Format: Buchkapitel
Sprache:Tschechisch
Schlagworte:
Tags: Tag hinzufügen
Keine Tags, Fügen Sie das erste Tag hinzu!

MARC

LEADER 00000naa a2200000 4500
001 r004081
005 20221125080021.1
041 0 |a cze 
044 |a [CS] 
245 1 0 |a Intervenční zásahy, nebo jen tržní volnost?  |b Jak regulovat trh zemědělských a potravinářských výrobků.  |c J. Záhorka 
520 |a Približovanie cien potravín nákladom. Odstránenie tzv. zápornej dane z obratu malo negatívne dopady na poľnohospodársku prvovýrobu i na výšku dopytu. Skúmanie toho, čo sa stalo v dopyte a ponuke potravín po liberalizácii cien od 1. januára 1991, ako bolo potrebné neodôvodnené zvyšovanie cien potravín regulovať u spracovateľov i v obchode, aké prostriedky sa používali k trhovej regulácii. Návrh opatrení na ďalšiu reguláciu trhu poľnohospodárskymi a potravinárskymi výrobkami. 
610 2 0 |a trh vnútorný 
610 2 0 |a výrobky poľnohospodárske 
610 2 0 |a potraviny 
610 2 0 |a ceny 
610 2 0 |a liberalizácia 
610 2 0 |a regulácia trhu 
610 2 0 |a regulácia cenová 
610 2 0 |a ČSFR 
610 2 0 |a ponuka 
610 2 0 |a dopyt 
100 1 |a Záhorka, J.